|
|
|
|
| LEADER |
00000nam a22000007a 4500 |
| 005 |
20210615215042.0 |
| 007 |
cr|||| |||| |
| 008 |
210615s2021 mx |||||s|||| 00||0 spa d |
| 020 |
|
|
|a 978-607-563-117-2
|
| 035 |
|
|
|a 33723
|
| 040 |
|
|
|a vLex
|
| 090 |
|
|
|c 11774
|d 11774
|
| 245 |
0 |
0 |
|a Normas de auditora̕, para atestiguar, revisin̤ y otros servicios relacionados
|h [Recurso electrn̤ico] :
|b 2021
|
| 256 |
|
|
|a Servicio en ln̕ea
|
| 260 |
|
|
|a Ciudad de Mx̌ico:
|b Instituto Mexicano de Contadores Pb︢licos,
|c 2021
|
| 300 |
|
|
|a 1 recurso electrn̤ico
|
| 506 |
1 |
|
|a Disponible solo en los productos indicados
|d vLex Global
|d vLex Global (Academic Edition, excluding Law Schools)
|d vLex Global (U.S. Academic Edition, Law Schools)
|d vLex Global (U.S. Academic Edition, excluding Law Schools)
|d vLex Global (Academic Edition, Law Schools)
|
| 650 |
4 |
0 |
|a Paquetes Especiales
|z Mx̌ico
|
| 740 |
0 |
|
|a vLex Libros (Servicio en ln̕ea)
|
| 856 |
4 |
0 |
|u https://vlex.com/source/33723
|z Acceso restringido
|
| 942 |
|
|
|c BOOK
|
| 999 |
0 |
|
|a Special Packages
|